<?xml version="1.0" encoding="UTF-8"?>
<record
    xmlns:xsi="http://www.w3.org/2001/XMLSchema-instance"
    xsi:schemaLocation="http://www.loc.gov/MARC21/slim http://www.loc.gov/standards/marcxml/schema/MARC21slim.xsd"
    xmlns="http://www.loc.gov/MARC21/slim">

  <leader>01397nam a22002057a 4500</leader>
  <controlfield tag="003">OSt</controlfield>
  <controlfield tag="005">20260406093138.0</controlfield>
  <controlfield tag="008">260406b        |||||||| |||| 00| 0 esp d</controlfield>
  <datafield tag="082" ind1=" " ind2=" ">
    <subfield code="2">9586771210 </subfield>
  </datafield>
  <datafield tag="100" ind1=" " ind2=" ">
    <subfield code="a">Zamora Editores</subfield>
  </datafield>
  <datafield tag="245" ind1=" " ind2=" ">
    <subfield code="a">Biblioteca Pr&#xE1;ctica de Consulta del Nuevo Milenio Biolog&#xED;a</subfield>
  </datafield>
  <datafield tag="250" ind1=" " ind2=" ">
    <subfield code="a">Volumen 7 </subfield>
  </datafield>
  <datafield tag="260" ind1=" " ind2=" ">
    <subfield code="a"> Bogot&#xE1;, Colombia.</subfield>
    <subfield code="b"> Zamora Editores Ltda..</subfield>
    <subfield code="c"> 2000 - 2001</subfield>
  </datafield>
  <datafield tag="300" ind1=" " ind2=" ">
    <subfield code="a">252 p&#xE1;ginas</subfield>
    <subfield code="c"> 21 x 14 cm.</subfield>
  </datafield>
  <datafield tag="490" ind1=" " ind2=" ">
    <subfield code="3">Tapa de cartulina r&#xFA;stica con plastificado brillante.</subfield>
  </datafield>
  <datafield tag="520" ind1=" " ind2=" ">
    <subfield code="a">Este volumen es un compendio visual y educativo sobre las ciencias biol&#xF3;gicas, estructurado para cubrir los temas esenciales del programa escolar:
La C&#xE9;lula: Estudio detallado de la estructura celular, organelos, funciones vitales y procesos de divisi&#xF3;n (mitosis y meiosis).
Gen&#xE9;tica: Introducci&#xF3;n a las leyes de Mendel, el ADN, la herencia y la biotecnolog&#xED;a.
Reinos de la Naturaleza: Clasificaci&#xF3;n de los seres vivos, desde microorganismos hasta plantas y animales complejos.
Anatom&#xED;a y Fisiolog&#xED;a Humana: Sistemas del cuerpo (digestivo, circulatorio, nervioso, etc.) y su funcionamiento.
Ecolog&#xED;a: Conceptos sobre ecosistemas, cadenas alimenticias y preservaci&#xF3;n del medio ambiente.</subfield>
  </datafield>
  <datafield tag="650" ind1=" " ind2=" ">
    <subfield code="a">Biolog&#xED;a.</subfield>
    <subfield code="x">Estudio y ense&#xF1;anza / Manuales / Problemas, ejercicios, etc.</subfield>
    <subfield code="y">Siglo XXI. </subfield>
    <subfield code="z"> Colombia </subfield>
  </datafield>
  <datafield tag="700" ind1=" " ind2=" ">
    <subfield code="a">Zamora Editores</subfield>
  </datafield>
  <datafield tag="942" ind1=" " ind2=" ">
    <subfield code="2">ddc</subfield>
    <subfield code="c">BKA</subfield>
    <subfield code="n">0</subfield>
  </datafield>
  <datafield tag="952" ind1=" " ind2=" ">
    <subfield code="0">0</subfield>
    <subfield code="1">0</subfield>
    <subfield code="2">ddc</subfield>
    <subfield code="4">0</subfield>
    <subfield code="7">0</subfield>
    <subfield code="8">F02</subfield>
    <subfield code="a">ISUS</subfield>
    <subfield code="b">ISUS</subfield>
    <subfield code="c">Biblioteca Abierta</subfield>
    <subfield code="d">2026-04-06</subfield>
    <subfield code="e">LECTURA</subfield>
    <subfield code="f">0466</subfield>
    <subfield code="i">0466</subfield>
    <subfield code="l">0</subfield>
    <subfield code="o">0466</subfield>
    <subfield code="p">BIBLIO0466</subfield>
    <subfield code="r">2026-04-06 09:30:49</subfield>
    <subfield code="t">1</subfield>
    <subfield code="w">2026-04-06</subfield>
    <subfield code="y">BKA</subfield>
  </datafield>
  <datafield tag="999" ind1=" " ind2=" ">
    <subfield code="c">2042</subfield>
    <subfield code="d">2042</subfield>
  </datafield>
</record>
